| 000 | 00433nam a22001697a 4500 | ||
|---|---|---|---|
| 003 | SGT | ||
| 020 | _a9789390595174 | ||
| 082 |
_a610.73 _bN22V |
||
| 100 | _aVATI, JOGINDRA | ||
| 245 | _aNURSING FOUNDATION : CONCEPTS AND PRESPECTIVES | ||
| 250 | _a2ND | ||
| 260 |
_aINDIA _bJAYPEE PUB _c2022 |
||
| 300 | _a328 | ||
| 650 | _aNURSING FOUNDATION | ||
| 653 | _aNURSING FOUNDATION : CONCEPTS AND PRESPECTIVES | ||
| 942 |
_2ddc _cBK _02 |
||
| 999 |
_c24936 _d24936 |
||